000 00974nam a22003017a 4500
001 00290
003 DO-SdBNP
005 20180312105417.0
007 00290
008 160429b dr 2005||||| |||| 00| 0 spa d
020 _a9789945110999 (v. 3)
020 _a9789945111187 (v. 3) Guía
040 _aBPMSU
_bspa
_cBPMSU
082 0 4 _a371.227
_bA188p 3ro. 2005
245 _aActivación del pensamiento 3 /
_cAndrés Molina Maloon [et al...] ; dirección editorial Obdulia García de Escobar
260 _aSanto Domingo :
_bSantillana,
_c2005.
300 _a2 v. :
_bil., retrs.
_c28 cm.
490 _aÁmbar
500 _aLa biblioteca posee solamenteel libro y la guía
700 1 _aLlibre de Vargas, Claudia
700 1 _aCastro Catrain, Margarita
700 1 _aGarcía-Cartagena, Manuel
700 1 _aGarcía de Escobar, Obdulia,
_edir. ed.
830 0 _aÁmbar
942 _2ddc
_cBK
945 _aRemanejado para la BNPHU / 2018
956 _aBTAVÁREZ
999 _c9957
_d9957